[Event "XVII Aberto "]
[Site "Ourense"]
[Date "2008.07.06"]
[Round "4.26"]
[White "Fernandez Andrade, Antonio"]
[Black "Vidal Del Rio, Diego"]
[Result "1/2-1/2"]
[WhiteElo "1861"]
[BlackElo "2146"]
[PlyCount "92"]
[EventDate "2008.07.03"]

1. e4 g6 2. d4 Bg7 3. Nc3 c6 4. Be3 d6 5. Qd2 b5 6. Nf3 Nd7 7. Bd3 Nb6 8. d5 b4
9. Nd1 c5 10. O-O h5 11. c3 a5 12. a4 Ba6 13. Bxa6 Rxa6 14. Qe2 Ra8 15. Qb5+
Nd7 16. cxb4 axb4 17. a5 Ngf6 18. Nd2 O-O 19. f3 Qc7 20. Nc4 Rfb8 21. Qc6 Rc8
22. Qxc7 Rxc7 23. Nf2 Ne8 24. Nd3 Ra6 25. Bg5 Ne5 26. Ndxe5 Bxe5 27. Nxe5 dxe5
28. Rfc1 Nd6 29. Be3 Nb7 30. Ra4 f5 31. Rxb4 Rxa5 32. Rb6 Nd6 33. b4 Ra3 34.
Bxc5 fxe4 35. fxe4 Nxe4 36. Rxg6+ Kf7 37. Rc6 Rd7 38. Rf1+ Kg7 39. Re1 Nxc5 40.
Rxc5 Kf6 41. Rf1+ Kg5 42. Rb1 Rd3 43. b5 Ra7 44. Rc2 Rxd5 45. b6 Rb7 46. Kf2
Rd6 1/2-1/2

[Event "XVII Aberto "]
[Site "Ourense"]
[Date "2008.07.06"]
[Round "4.27"]
[White "Alcazar Jimenez, Victor"]
[Black "Salgado Gonzalez, Julio"]
[Result "1-0"]
[WhiteElo "2391"]
[BlackElo "1916"]
[PlyCount "57"]
[EventDate "2008.07.03"]

1. e4 Nc6 2. Nc3 e5 3. Nf3 d6 4. d4 Be7 5. Be3 Nf6 6. h3 a6 7. a4 O-O 8. Qd2
Qe8 9. Be2 Nxe4 10. Nxe4 f5 11. Neg5 f4 12. Qd3 e4 13. Qxe4 Bxg5 14. Nxg5 Qxe4
15. Nxe4 fxe3 16. fxe3 Nb4 17. Kd2 Bf5 18. Ng3 Bxc2 19. Rac1 Bxa4 20. Rxc7 Bc6
21. e4 Rac8 22. Rxc8 Rxc8 23. Nf5 Rd8 24. d5 Be8 25. Rc1 g6 26. Nd4 Bd7 27. Rc7
h5 28. Kc3 Na2+ 29. Kb3 1-0

[Event "XVII Aberto "]
[Site "Ourense"]
[Date "2008.07.06"]
[Round "4.28"]
[White "Garcia-Ortega Mendez, Jose M"]
[Black "Portela Gonzalez, Adrian"]
[Result "1-0"]
[WhiteElo "2196"]
[BlackElo "1858"]
[PlyCount "107"]
[EventDate "2008.07.03"]

1. d4 Nf6 2. Nf3 e6 3. c4 c5 4. g3 cxd4 5. Nxd4 Nc6 6. Bg2 Qb6 7. Nb3 Be7 8.
Nc3 a6 9. O-O O-O 10. Be3 Qc7 11. Rc1 d6 12. Nd5 Qd8 13. Bb6 Qd7 14. Nxe7+ Nxe7
15. Qd2 d5 16. cxd5 Nfxd5 17. Bd4 Nc6 18. Bc5 Rd8 19. e4 Nf6 20. Qe3 Qd3 21.
Qe1 e5 22. Bb6 Re8 23. h3 Qb5 24. Qe3 Be6 25. Rfd1 Rac8 26. Qc5 Bxb3 27. Qxb5
axb5 28. axb3 Re7 29. Kf1 Rd7 30. Ke2 Rxd1 31. Rxd1 Kf8 32. Ke3 Ke8 33. Bf1 Nd7
34. Rxd7 Kxd7 35. Bxb5 Kd6 36. Kd2 Nd4 37. Bc4 Rc6 38. Bxd4 exd4 39. Bxf7 Kc5
40. e5 Rc7 41. Bg8 h6 42. f4 Re7 43. Kd3 b5 44. b4+ Kxb4 45. Kxd4 Rd7+ 46. Bd5
Rc7 47. e6 Ra7 48. f5 Rc7 49. g4 Rc8 50. h4 Ka5 51. g5 hxg5 52. hxg5 Kb6 53. e7
Re8 54. f6 1-0

[Event "XVII Aberto "]
[Site "Ourense"]
[Date "2008.07.06"]
[Round "4.29"]
[White "Garcia Fernandez, Manuel"]
[Black "Galan Martin, Pedro Juan"]
[Result "0-1"]
[WhiteElo "1873"]
[BlackElo "2114"]
[PlyCount "54"]
[EventDate "2008.07.03"]

1. e4 c5 2. Nf3 d6 3. d4 cxd4 4. Nxd4 Nf6 5. Nc3 a6 6. Be2 e5 7. Nb3 Be7 8. O-O
O-O 9. Be3 Be6 10. f4 exf4 11. Bxf4 Nc6 12. Qe1 Ne5 13. h3 Qc7 14. Rd1 Rfd8 15.
Nd5 Bxd5 16. exd5 Qxc2 17. Rd2 Qg6 18. Nd4 Nxd5 19. Bxe5 dxe5 20. Nf5 Bc5+ 21.
Kh1 Nf4 22. Bg4 Rxd2 23. Qxd2 h5 24. Qc2 hxg4 25. Qxc5 Qxf5 26. hxg4 Qxg4 27.
Qxe5 Qxg2# 0-1

[Event "XVII Aberto "]
[Site "Ourense"]
[Date "2008.07.06"]
[Round "4.30"]
[White "De Nacimiento Montaño, Antonio"]
[Black "Pena Lodeiro, Jose Luis"]
[Result "1-0"]
[WhiteElo "2045"]
[BlackElo "1809"]
[PlyCount "71"]
[EventDate "2008.07.03"]

1. e4 e6 2. d4 d5 3. exd5 exd5 4. c4 Nf6 5. Nf3 Nc6 6. Be2 Bf5 7. O-O Qd7 8.
Nc3 O-O-O 9. Be3 Be6 10. b3 Bb4 11. Qc2 h6 12. a3 Bxc3 13. Qxc3 Ne4 14. Qb2 g5
15. Rfd1 f5 16. Ne5 Nxe5 17. dxe5 b6 18. f3 Nc5 19. Bxc5 bxc5 20. cxd5 Bxd5 21.
Ba6+ Kb8 22. b4 Ka8 23. bxc5 Rb8 24. Qd4 c6 25. Rab1 Qc7 26. Rb4 Rhd8 27. Qb2
Rxb4 28. axb4 Qe7 29. Qd4 Qc7 30. b5 Rd7 31. e6 Rd8 32. bxc6 Qe7 33. Bb7+ Kb8
34. Qe5+ Qc7 35. Rxd5 Qxe5 36. Rxd8+ 1-0

[Event "XVII Aberto "]
[Site "Ourense"]
[Date "2008.07.06"]
[Round "4.31"]
[White "Margarido, Ricardo Emanuel Tor"]
[Black "Perez Pascual, Arturo"]
[Result "1-0"]
[WhiteElo "1864"]
[BlackElo "2016"]
[PlyCount "63"]
[EventDate "2008.07.03"]

1. e4 e5 2. Nf3 Nf6 3. Nxe5 d6 4. Nf3 Nxe4 5. d4 d5 6. Bd3 Bd6 7. O-O O-O 8. c4
c6 9. cxd5 cxd5 10. Nc3 Nxc3 11. bxc3 Bg4 12. Rb1 b6 13. Rb5 Bc7 14. h3 a6 15.
hxg4 axb5 16. Qc2 g6 17. Bh6 Re8 18. g3 Nd7 19. Bxb5 Re4 20. Bc6 Nf6 21. Bg5
Ra5 22. Bxd5 Qxd5 23. Bxf6 Re6 24. Be5 Bxe5 25. Nxe5 Rxa2 26. Qb1 Ra3 27. Qc1
Rb3 28. g5 Rxe5 29. dxe5 Qxe5 30. Re1 Rxc3 31. Qd2 Qc5 32. Qd8+ 1-0

[Event "XVII Aberto "]
[Site "Ourense"]
[Date "2008.07.06"]
[Round "4.32"]
[White "Perez Dorado, Jorge"]
[Black "Gil Fernandez, Juan Jose"]
[Result "1-0"]
[WhiteElo "1985"]
[BlackElo "1551"]
[PlyCount "67"]
[EventDate "2008.07.03"]

1. e4 c5 2. Nf3 Nc6 3. g3 e6 4. Bg2 g6 5. O-O Bg7 6. Nc3 Nge7 7. Nb5 d6 8. c3
a6 9. Na3 O-O 10. Nc2 b5 11. d4 cxd4 12. Ncxd4 Bb7 13. Bg5 Qc7 14. Qd2 Na5 15.
Rfe1 Nc4 16. Qc2 Rac8 17. Rac1 h6 18. Bd2 d5 19. e5 Qd7 20. b3 Nb6 21. Be3 Nc6
22. Nxc6 Rxc6 23. Qd2 Kh7 24. h4 Rcc8 25. Bxb6 Qc6 26. Bd4 a5 27. Qd3 Ba6 28.
Qd2 a4 29. b4 Qc4 30. Bf1 Qc7 31. Bd3 h5 32. Qe2 Qb7 33. Bc5 Rfe8 34. Nd4 1-0

[Event "XVII Aberto "]
[Site "Ourense"]
[Date "2008.07.06"]
[Round "4.34"]
[White "Lopez Graña, Carmen"]
[Black "Villar Perez, Samuel"]
[Result "0-1"]
[WhiteElo "1764"]
[BlackElo "1937"]
[PlyCount "106"]
[EventDate "2008.07.03"]

1. e4 c5 2. Nc3 Nc6 3. g3 d6 4. Bg2 g6 5. d3 Bg7 6. Nh3 e5 7. f4 Nge7 8. O-O
Nd4 9. Ne2 O-O 10. c3 Nxe2+ 11. Qxe2 f5 12. Be3 Kh8 13. fxe5 Bxe5 14. d4 cxd4
15. cxd4 Bg7 16. Rad1 Bd7 17. Qc4 Qe8 18. Qb4 fxe4 19. Rxf8+ Bxf8 20. d5 Nf5
21. Bd4+ Nxd4 22. Rxd4 Bf5 23. g4 Bd7 24. Rxe4 Qc8 25. Nf2 b5 26. g5 Qc1+ 27.
Re1 Qxg5 28. Qc3+ Bg7 29. Qc7 Bf5 30. Qxd6 Bd4 31. Qc6 Rf8 32. Re8 Rxe8 33.
Qxe8+ Kg7 34. d6 Bh3 35. Qe7+ Qxe7 36. dxe7 Bd7 37. Bh3 Be8 38. b3 Kf6 39. Kg2
Kxe7 40. Bg4 Bc6+ 41. Kf1 Kd6 42. Nd3 Be4 43. Ke2 Bg1 44. h4 Bd4 45. h5 gxh5
46. Bxh5 Bg6 47. Bf3 Bb6 48. Kd2 a5 49. a3 Be8 50. b4 a4 51. Kc3 h5 52. Nf4 h4
53. Nd5 Bc6 0-1

[Event "XVII Aberto "]
[Site "Ourense"]
[Date "2008.07.06"]
[Round "4.36"]
[White "Pazos Porta, Antonio"]
[Black "Ferreiro Mera, Aaron"]
[Result "1-0"]
[WhiteElo "2189"]
[BlackElo "1723"]
[PlyCount "71"]
[EventDate "2008.07.03"]

1. e4 e5 2. Nf3 Nc6 3. Bb5 Nge7 4. O-O g6 5. c3 Bg7 6. d4 a6 7. Ba4 b5 8. Bb3
d6 9. dxe5 dxe5 10. Be3 O-O 11. Qe2 Na5 12. Nbd2 Nxb3 13. Nxb3 Be6 14. Rfd1 Qc8
15. Nc5 Nc6 16. Ng5 Bc4 17. Qc2 h6 18. b3 hxg5 19. bxc4 g4 20. cxb5 axb5 21.
Qb3 Ra5 22. Rd2 Bf6 23. Nd7 Be7 24. Nxf8 Bxf8 25. Rad1 Bd6 26. Rd5 Qa6 27. g3
b4 28. Rxa5 Nxa5 29. Qa4 Qe2 30. cxb4 Nc4 31. Bg5 Kg7 32. Rf1 Qxe4 33. Qe8 Bxb4
34. Qd8 Qf5 35. Bh6+ Kxh6 36. Qh8+ 1-0

[Event "XVII Aberto "]
[Site "Ourense"]
[Date "2008.07.06"]
[Round "4.38"]
[White "Figueiredo, Bruno Antonio"]
[Black "Blazquez Criado, Sergio"]
[Result "1-0"]
[WhiteElo "1933"]
[BlackElo "1645"]
[PlyCount "45"]
[EventDate "2008.07.03"]

1. c4 e5 2. Nc3 Bb4 3. g3 Nf6 4. Bg2 O-O 5. e3 Bxc3 6. bxc3 e4 7. Ne2 c6 8. d3
d5 9. cxd5 cxd5 10. O-O Bg4 11. h3 Bh5 12. g4 Bg6 13. Nf4 Nbd7 14. g5 Ne8 15.
Ba3 Ne5 16. Nxg6 hxg6 17. Bxf8 Kxf8 18. dxe4 Qxg5 19. f4 Qg3 20. fxe5 Qxe3+ 21.
Kh1 Qxc3 22. Qxd5 Qc7 23. e6 1-0

[Event "XVII Aberto "]
[Site "Ourense"]
[Date "2008.07.06"]
[Round "4.39"]
[White "Millan Soto, Miguel"]
[Black "Andrade, Nuno Filipe"]
[Result "1-0"]
[WhiteElo "1926"]
[BlackElo "1445"]
[PlyCount "54"]
[EventDate "2008.07.03"]

1. e4 c5 2. Nf3 d6 3. d4 cxd4 4. Nxd4 g6 5. c4 Bg7 6. Nc3 Nf6 7. f3 O-O 8. Be3
Nc6 9. Qd2 a6 10. O-O-O Qc7 11. Kb1 Nxd4 12. Bxd4 Qb8 13. g4 Bd7 14. h4 b5 15.
h5 e5 16. Be3 Nxg4 17. fxg4 Bxg4 18. hxg6 fxg6 19. Be2 Bxe2 20. Qxe2 bxc4 21.
Qxc4+ Kh8 22. Qe6 Rf3 23. Qxg6 Qg8 24. Nd5 Re8 25. Qh5 Rf7 26. Rdg1 Ref8 27.
Bg5 Rf1+ 1-0

[Event "XVII Aberto "]
[Site "Ourense"]
[Date "2008.07.06"]
[Round "4.41"]
[White "Rodriguez Lucena, Angel"]
[Black "Hermida Araujo, Lino"]
[Result "0-1"]
[WhiteElo "1616"]
[BlackElo "1907"]
[PlyCount "132"]
[EventDate "2008.07.03"]

1. d4 d6 2. c4 e5 3. dxe5 dxe5 4. Qxd8+ Kxd8 5. Nc3 c6 6. g3 Be6 7. b3 Ne7 8.
Bg2 Nd7 9. Nh3 f6 10. Ba3 Nf5 11. Bxf8 Nxf8 12. e3 h5 13. Ng1 g5 14. Nge2 Kc7
15. O-O-O Ng6 16. Ne4 Rhf8 17. Nc5 Bc8 18. Rd2 b6 19. Ne4 g4 20. Rhd1 Be6 21.
Nd6 Rad8 22. Nxf5 Rxd2 23. Rxd2 Bxf5 24. Nc3 h4 25. Be4 Bxe4 26. Nxe4 h3 27.
Rd6 f5 28. Rxg6 fxe4 29. Rxg4 Rxf2 30. Rxe4 Rxh2 31. Rh4 Kd6 32. g4 Ke6 33.
Rh6+ Kf7 34. g5 c5 35. e4 Rxa2 36. Rxh3 Kg6 37. Kd1 Kxg5 38. Rf3 Kg4 39. Rf5
Rb2 40. Rxe5 Rxb3 41. Kc2 Re3 42. Kd2 Kf4 43. Re7 Rxe4 44. Rxa7 Rxc4 45. Rb7
Rb4 46. Kc3 Ke4 47. Re7+ Kd5 48. Rh7 Kc6 49. Rg7 Kb5 50. Rg6 Rh4 51. Rf6 Rh3+
52. Kc2 Ka5 53. Kb2 b5 54. Rd6 c4 55. Re6 Kb4 56. Re2 Rb3+ 57. Kc2 Ra3 58. Kb2
c3+ 59. Kb1 Kb3 60. Rb2+ Kc4 61. Rc2 b4 62. Rc1 Kb3 63. Rc2 Ra1+ 64. Kxa1 Kxc2
65. Ka2 b3+ 66. Ka3 b2 0-1

[Event "XVII Aberto "]
[Site "Ourense"]
[Date "2008.07.06"]
[Round "4.43"]
[White "Cid Liston, Ramon"]
[Black "Gomez Dominguez, Breixo"]
[Result "0-1"]
[WhiteElo "1517"]
[BlackElo "1856"]
[PlyCount "80"]
[EventDate "2008.07.03"]

1. d4 Nf6 2. Nf3 c6 3. g3 d5 4. Bg2 h6 5. O-O Bf5 6. Re1 e6 7. Nbd2 Bd6 8. c3
O-O 9. Nh4 Bh7 10. e4 dxe4 11. Nxe4 Nxe4 12. Bxe4 Bxe4 13. Rxe4 Nd7 14. Ng2 Nf6
15. Re2 Qc7 16. Bf4 Rad8 17. Qb3 Nd5 18. Bxd6 Rxd6 19. Rae1 Rfd8 20. Ne3 b6 21.
Nc4 R6d7 22. Ne5 Rd6 23. a4 c5 24. Rd2 cxd4 25. Rxd4 Nf6 26. Rxd6 Qxd6 27. Qc4
Qd2 28. Qe2 Qxe2 29. Rxe2 Rd1+ 30. Kg2 Ra1 31. b3 Rb1 32. Rd2 Rxb3 33. Rd8+ Kh7
34. Ra8 a5 35. c4 Ne4 36. Nxf7 Nc5 37. Nd8 e5 38. Ra7 Rb4 39. Nc6 Rxc4 40. Nxe5
Rxa4 0-1

[Event "XVII Aberto "]
[Site "Ourense"]
[Date "2008.07.06"]
[Round "4.50"]
[White "Cruz Guerra, Samuel"]
[Black "Martinez Vecillas, Javier"]
[Result "1-0"]
[WhiteElo "1602"]
[BlackElo "1851"]
[PlyCount "67"]
[EventDate "2008.07.03"]

1. e4 e6 2. d4 a6 3. c4 b5 4. c5 Bb7 5. f3 d6 6. cxd6 Bxd6 7. Be3 Nf6 8. Nc3
Bb4 9. Qb3 Ba5 10. Be2 Bb6 11. Rd1 O-O 12. Nh3 Qe7 13. Bg5 h6 14. Bh4 c6 15. e5
g5 16. exf6 Qxf6 17. Ne4 Qe7 18. Nhxg5 hxg5 19. Nxg5 Ba5+ 20. Kf1 Nd7 21. Qc2
f6 22. Qg6+ Kh8 23. Ne4 Qg7 24. Qh5+ Qh7 25. Qxh7+ Kxh7 26. Bd3 f5 27. Ng5+ Kg6
28. Nxe6 Rh8 29. g3 Rac8 30. Nf4+ Kf7 31. Bxf5 Rc7 32. Ne6 Rcc8 33. Ng5+ Ke8
34. Rd3 1-0

[Event "XVII Aberto "]
[Site "Ourense"]
[Date "2008.07.06"]
[Round "4.51"]
[White "Solange Videira Gabriel, Agna"]
[Black "Gomez Dieguez, David"]
[Result "0-1"]
[WhiteElo "1461"]
[BlackElo "1727"]
[PlyCount "76"]
[EventDate "2008.07.03"]

1. e4 Nc6 2. Nf3 e5 3. Bc4 Bc5 4. c3 d6 5. Bb3 Be6 6. Bc2 Bg4 7. d3 Nge7 8.
Nbd2 O-O 9. O-O f5 10. b4 Bb6 11. a4 a6 12. Bb3+ Kh8 13. Be6 Rf6 14. exf5 Nxf5
15. Bd5 Nfe7 16. Bb3 Qd7 17. Qe2 Raf8 18. Bd1 Ng6 19. Qe1 Nf4 20. Ne4 Rf5 21.
Bxf4 Rxf4 22. Ned2 Qf5 23. Be2 Qg6 24. Kh1 d5 25. Nh4 Qh5 26. f3 Bc8 27. g3
Rxh4 28. gxh4 Rf4 29. Qg3 h6 30. Rfe1 Ne7 31. Nf1 Nf5 32. Qg2 Nxh4 33. Ng3 Qg5
34. Qf1 Ng6 35. Bd1 Rh4 36. Ra2 Qxg3 37. Rg2 Qf4 38. Ree2 Bh3 0-1

[Event "XVII Aberto "]
[Site "Ourense"]
[Date "2008.07.06"]
[Round "4.52"]
[White "Palacios Gonzalez, Miguel"]
[Black "Novoa Siota, Jose Antonio"]
[Result "0-1"]
[WhiteElo "1588"]
[BlackElo "1725"]
[PlyCount "76"]
[EventDate "2008.07.03"]

1. e4 e5 2. Nf3 Nc6 3. d4 exd4 4. Bc4 Nf6 5. e5 d5 6. Bb5 Nd7 7. O-O Bc5 8.
Bxc6 bxc6 9. Nxd4 Bb7 10. Nb3 Bb6 11. Qg4 g6 12. Bg5 Qc8 13. e6 Ne5 14. exf7+
Kxf7 15. Qg3 Qf5 16. Kh1 Ng4 17. f3 Ba6 18. N1d2 Bxf1 19. Rxf1 Nf6 20. Bxf6
Qxf6 21. c3 Rae8 22. a4 a5 23. c4 Re7 24. c5 Ba7 25. Nxa5 Bxc5 26. Ndb3 Bb4 27.
Rc1 Bxa5 28. Nxa5 Qxb2 29. Qf4+ Qf6 30. Qxf6+ Kxf6 31. Nxc6 Rf7 32. a5 Ra8 33.
Ra1 Rd7 34. a6 Rd6 35. Nb4 c5 36. Nd3 Raxa6 37. Rd1 Rac6 38. Nf4 d4 0-1

[Event "XVII Aberto "]
[Site "Ourense"]
[Date "2008.07.07"]
[Round "5.1"]
[White "Manolache, Marius"]
[Black "Petkov, Vladimir"]
[Result "0-1"]
[WhiteElo "2521"]
[BlackElo "2423"]
[PlyCount "112"]
[EventDate "2008.07.03"]

1. d4 Nf6 2. c4 e6 3. Nf3 d5 4. Nc3 dxc4 5. e3 a6 6. a4 c5 7. Bxc4 Nc6 8. O-O
Be7 9. dxc5 Bxc5 10. Qxd8+ Kxd8 11. Rd1+ Ke7 12. Ne1 Bd7 13. Bd2 Rac8 14. Be2
g5 15. Nd3 Bd6 16. a5 Nb4 17. Nxb4 Bxb4 18. e4 h6 19. Bf3 Bd6 20. Na4 Bxa4 21.
Rxa4 Rhd8 22. Bc3 Nd7 23. Kf1 e5 24. Bg4 f6 25. Ke2 Rc6 26. Kf3 Nf8 27. g3 Ne6
28. Bxe6 Kxe6 29. Kg4 h5+ 30. Kf3 Rdc8 31. Bb4 g4+ 32. Kg2 Bb8 33. Ba3 Ba7 34.
Rb4 R8c7 35. Rb3 Bd4 36. Rbd3 Rc2 37. R1d2 Rxd2 38. Rxd2 Rc4 39. h3 Ra4 40. f3
gxf3+ 41. Kxf3 Rxa5 42. Rc2 Kd7 43. g4 h4 44. g5 fxg5 45. Kg4 Be3 46. Re2 Bf4
47. Kf5 Rb5 48. Re1 Rb3 49. Rd1+ Kc7 50. Bd6+ Kc6 51. Bxe5 Rb5 52. Rd6+ Kc7 53.
Rd5+ Bxe5 54. Kxe5 g4 55. Ke6 Rxd5 56. exd5 Kd8 0-1

[Event "XVII Aberto "]
[Site "Ourense"]
[Date "2008.07.07"]
[Round "5.2"]
[White "Paunovic, Dragan"]
[Black "Ortiz Suarez, Isam"]
[Result "0-1"]
[WhiteElo "2539"]
[BlackElo "2392"]
[PlyCount "56"]
[EventDate "2008.07.03"]

1. Nf3 c5 2. g3 Nc6 3. Bg2 g6 4. O-O Bg7 5. c3 e5 6. e4 Nge7 7. d3 O-O 8. a3 a5
9. a4 d5 10. Nbd2 h6 11. exd5 Nxd5 12. Re1 Re8 13. Qb3 Nc7 14. Nc4 Rb8 15. Be3
Be6 16. Qb6 Qxd3 17. Bf1 Qd5 18. Be2 e4 19. Rad1 exf3 20. Qxc7 Qh5 21. Bf1 Bh3
22. Bd3 Re7 23. Qb6 Rd8 24. Nxa5 Rxd3 25. Rxd3 Bf5 26. h4 Qg4 27. Nxc6 Qh3 28.
Nxe7+ Kh7 0-1

[Event "XVII Aberto "]
[Site "Ourense"]
[Date "2008.07.07"]
[Round "5.4"]
[White "Baltar Iglesias, David"]
[Black "Krivoshey, Sergei"]
[Result "1/2-1/2"]
[WhiteElo "2281"]
[BlackElo "2504"]
[PlyCount "121"]
[EventDate "2008.07.03"]

1. d4 d5 2. c4 c6 3. Nf3 Nf6 4. e3 Bg4 5. Nc3 e6 6. h3 Bh5 7. g4 Bg6 8. Ne5
Nbd7 9. Nxg6 hxg6 10. cxd5 exd5 11. Qb3 Nb6 12. Bg2 Bd6 13. Bd2 Qe7 14. O-O-O
O-O-O 15. Kb1 Kb8 16. Bc1 Ne4 17. Qc2 Nxc3+ 18. Qxc3 Rhe8 19. b3 g5 20. Bd2 Na8
21. Qd3 Bb4 22. Bxb4 Qxb4 23. Qd2 Qe7 24. Rc1 Nc7 25. Kb2 g6 26. Bf1 f5 27. Bd3
Rf8 28. gxf5 gxf5 29. a4 f4 30. Rhe1 Qd6 31. Rg1 Ne6 32. Rg4 Rf6 33. h4 gxh4
34. Rxh4 Rdf8 35. Rc2 c5 36. dxc5 Nxc5 37. Rxf4 Rxf4 38. exf4 Nxd3+ 39. Qxd3
Rxf4 40. Qc3 a6 41. Qc8+ Ka7 42. Qc5+ Qxc5 43. Rxc5 Rxf2+ 44. Kc3 Rf3+ 45. Kc2
Rf5 46. a5 Kb8 47. b4 b6 48. Rc6 bxa5 49. Rxa6 axb4 50. Rb6+ Kc7 51. Rxb4 Kc6
52. Rh4 Kc5 53. Kd3 Rf3+ 54. Kd2 Rg3 55. Rf4 Kd6 56. Rh4 Rf3 57. Rg4 Rh3 58.
Rf4 Ke5 59. Ra4 Rh2+ 60. Kd3 Rh1 61. Kd2 1/2-1/2

[Event "XVII Aberto "]
[Site "Ourense"]
[Date "2008.07.07"]
[Round "5.5"]
[White "Cabezas Ayala, Ivan"]
[Black "Hoffman, Alejandro"]
[Result "1-0"]
[WhiteElo "2336"]
[BlackElo "2445"]
[PlyCount "91"]
[EventDate "2008.07.03"]

1. e4 c5 2. Nf3 g6 3. d4 Bg7 4. Nc3 cxd4 5. Nxd4 Nc6 6. Nb3 Nf6 7. Be2 d6 8.
O-O O-O 9. Bg5 Be6 10. f4 b5 11. Bf3 b4 12. Nd5 Bxd5 13. exd5 Na5 14. Nxa5 Qxa5
15. Kh1 Qb6 16. Re1 Rfe8 17. Qc1 Rac8 18. a3 a5 19. Re2 Qb5 20. axb4 axb4 21.
Qd2 Rc5 22. Qe1 h6 23. Bh4 Rc7 24. h3 Rec8 25. Rxe7 Rxe7 26. Qxe7 Nxd5 27. Qxd6
Ne3 28. Be4 Bxb2 29. Ra7 b3 30. Rxf7 Kxf7 31. Qe7+ Kg8 32. Qe6+ Kg7 33. Qxg6+
Kf8 34. Qd6+ Kf7 35. Qe7+ Kg8 36. Qe6+ Kg7 37. Qg6+ Kf8 38. Qxh6+ Kf7 39. Bg6+
Ke6 40. Bd3+ Kf7 41. Qg6+ Kf8 42. Qd6+ Kf7 43. Qe7+ Kg8 44. Qe6+ Kg7 45. Bxb5
bxc2 46. Qd7+ 1-0

[Event "XVII Aberto "]
[Site "Ourense"]
[Date "2008.07.07"]
[Round "5.7"]
[White "Astasio Lopez, David"]
[Black "Rivas Pastor, Manuel"]
[Result "0-1"]
[WhiteElo "2258"]
[BlackElo "2508"]
[PlyCount "82"]
[EventDate "2008.07.03"]

1. d4 Nf6 2. Nd2 c5 3. e3 g6 4. c3 b6 5. Ngf3 Bg7 6. Bd3 O-O 7. O-O Ba6 8. c4
cxd4 9. exd4 d5 10. b3 Nc6 11. Bb2 Rc8 12. Re1 e6 13. Rc1 Bb7 14. Nf1 Re8 15.
Qd2 Ne7 16. c5 Ne4 17. Bxe4 dxe4 18. Ne5 Nf5 19. b4 Qd5 20. Nc4 Red8 21. Nfe3
Nxe3 22. fxe3 bxc5 23. bxc5 Ba6 24. Nd6 Rb8 25. Bc3 Bd3 26. Qf2 Rd7 27. a3 Bf8
28. Qf4 Bxd6 29. cxd6 Qxd6 30. Qxd6 Rxd6 31. Bb4 Rd5 32. Rc5 Rxc5 33. Bxc5 a6
34. Kf2 Rb2+ 35. Kg3 f6 36. h3 Kf7 37. Bb4 Rc2 38. Kh2 g5 39. h4 gxh4 40. Kh3
Kg6 41. Bd6 Kh5 0-1

[Event "XVII Aberto "]
[Site "Ourense"]
[Date "2008.07.07"]
[Round "5.9"]
[White "Filip, Lucian"]
[Black "Lozoya Rodriguez, Alberto"]
[Result "1/2-1/2"]
[WhiteElo "2461"]
[BlackElo "2171"]
[PlyCount "104"]
[EventDate "2008.07.03"]

1. d4 Nf6 2. c4 e6 3. g3 d5 4. Nf3 dxc4 5. Bg2 a6 6. O-O c5 7. dxc5 Qxd1 8.
Rxd1 Nc6 9. Nbd2 c3 10. bxc3 Bxc5 11. Nb3 Be7 12. Nfd4 Bd7 13. Nxc6 Bxc6 14.
Bxc6+ bxc6 15. Na5 Ne4 16. Bd2 Bf6 17. Rac1 Rd8 18. Be1 Rxd1 19. Rxd1 Nxc3 20.
Bxc3 Bxc3 21. Nxc6 O-O 22. e4 Ra8 23. Rd3 Ba1 24. Rd7 Kf8 25. Rc7 a5 26. a4 f5
27. e5 Ra6 28. Nb8 Ra8 29. Nc6 Ra6 30. f4 Rb6 31. Nxa5 Ra6 32. Nb7 Rxa4 33. Nd6
g5 34. Rf7+ Kg8 35. Re7 gxf4 36. gxf4 Rxf4 37. Rxe6 Bd4+ 38. Kg2 Bc5 39. Nb7
Bb4 40. Nd8 Re4 41. Kf3 Bc3 42. Nc6 Kg7 43. Re7+ Kg6 44. Re6+ Kg7 45. Re7+ Kg6
46. Re8 Kf7 47. Re7+ Kg6 48. e6 Kf6 49. Rxh7 Kxe6 50. Nd8+ Kf6 51. Rh6+ Ke7 52.
Nc6+ Kf7 1/2-1/2

[Event "XVII Aberto "]
[Site "Ourense"]
[Date "2008.07.07"]
[Round "5.10"]
[White "Spassov, Liuben"]
[Black "De Sousa Da Silva, Armando"]
[Result "1-0"]
[WhiteElo "2428"]
[BlackElo "2031"]
[PlyCount "57"]
[EventDate "2008.07.03"]

1. d4 Nf6 2. c4 g6 3. Nc3 d5 4. cxd5 Nxd5 5. g3 Bg7 6. Bg2 Nxc3 7. bxc3 c5 8.
e3 Qa5 9. Ne2 cxd4 10. exd4 O-O 11. O-O Nc6 12. Qb3 Qa6 13. Nf4 e5 14. dxe5
Bxe5 15. Re1 Na5 16. Qa3 Bd6 17. Qa4 b5 18. Qd4 Bb7 19. Bxb7 Nxb7 20. Nd5 Bc5
21. Nf6+ Kh8 22. Qh4 h5 23. Qf4 Kg7 24. Nxh5+ Kg8 25. Nf6+ Kg7 26. Qh6+ Kxf6
27. Bg5+ Kf5 28. g4+ Kxg4 29. Qh4+ 1-0

[Event "XVII Aberto "]
[Site "Ourense"]
[Date "2008.07.07"]
[Round "5.11"]
[White "Lopez Rodriguez, Walter"]
[Black "Garcia Castro, Pablo"]
[Result "1/2-1/2"]
[WhiteElo "2227"]
[BlackElo "2390"]
[PlyCount "89"]
[EventDate "2008.07.03"]

1. d4 d6 2. Nf3 Nf6 3. g3 g6 4. Bg2 Bg7 5. Nc3 Nbd7 6. O-O O-O 7. e4 e5 8. h3
a6 9. a4 b6 10. Re1 Bb7 11. d5 Rc8 12. Bg5 h6 13. Be3 c6 14. dxc6 Rxc6 15. Qd2
Kh7 16. Rad1 Qa8 17. Nh2 Rfc8 18. f3 h5 19. Bf1 d5 20. exd5 Rxc3 21. bxc3 Nxd5
22. c4 Nxe3 23. Qxe3 Bc6 24. g4 hxg4 25. fxg4 Bf8 26. Qf2 Bc5 27. Re3 Kg7 28.
g5 f5 29. gxf6+ Nxf6 30. Ng4 Nxg4 31. hxg4 Rf8 32. Qg3 Rf4 33. Bg2 Bf3 34. Rd7+
Kg8 35. Qh3 Bxe3+ 36. Kh2 Rf7 37. Bxf3 Bf4+ 38. Kg2 e4 39. Rxf7 Kxf7 40. Be2
Qc6 41. Qh7+ Kf6 42. Qh8+ Kf7 43. Qh7+ Kf6 44. Qh8+ Kf7 45. Qh7+ 1/2-1/2

[Event "XVII Aberto "]
[Site "Ourense"]
[Date "2008.07.07"]
[Round "5.12"]
[White "Stanoev, Atanas"]
[Black "Milchev, Nikolay"]
[Result "1/2-1/2"]
[WhiteElo "2198"]
[BlackElo "2356"]
[PlyCount "153"]
[EventDate "2008.07.03"]

1. d4 Nf6 2. c4 c5 3. d5 e6 4. Nc3 exd5 5. cxd5 Bd6 6. Nf3 O-O 7. e3 a6 8. a4
Bc7 9. Bd3 d6 10. h3 Ba5 11. O-O Re8 12. Re1 Nbd7 13. e4 h6 14. Bf4 Bc7 15. Bf1
Nf8 16. Nd2 Ng6 17. Bh2 Nd7 18. f4 Qf6 19. Qf3 Rb8 20. Qf2 Ndf8 21. a5 b5 22.
axb6 Rxb6 23. Nc4 Rb4 24. Rad1 Nd7 25. e5 dxe5 26. d6 Rxc4 27. Bxc4 Ba5 28.
fxe5 Ngxe5 29. Qxf6 gxf6 30. Bd5 Kf8 31. Rf1 Kg7 32. Ne4 c4 33. Kh1 Bd8 34. Ng3
Nb6 35. Be4 Kf8 36. Bg1 Na4 37. Bd4 Bd7 38. Nh5 Ng4 39. hxg4 Rxe4 40. Nxf6 Bxf6
41. Rxf6 Ke8 42. Rd2 Bxg4 43. Rxh6 Kd7 44. Rh8 Kxd6 45. Ra8 Nc5 46. Bxc5+ Kxc5
47. Rxa6 Be6 48. Ra3 Kb4 49. Rc3 Re1+ 50. Kh2 Rb1 51. Kg3 Rf1 52. Rf2 Rd1 53.
Kf4 Kc5 54. Ke3 Rg1 55. Kf4 Kd4 56. Rd2+ Kc5 57. Re3 Rf1+ 58. Rf3 Rg1 59. Rdf2
Rd1 60. Re3 Rd5 61. Rfe2 Rf5+ 62. Kg3 Rg5+ 63. Kf2 Bd5 64. Rg3 Rf5+ 65. Ke1 Kb4
66. Rge3 Rg5 67. Kf1 Rg4 68. Re5 Rd4 69. R5e3 f5 70. Ke1 Rg4 71. Kf1 Be4 72.
Rd2 Rg6 73. Kg1 Bc6 74. Rc3 Be4 75. Re3 Bc6 76. Rc3 Be4 77. Re3 1/2-1/2

[Event "XVII Aberto "]
[Site "Ourense"]
[Date "2008.07.07"]
[Round "5.13"]
[White "Eyo Castro-Rial, Alberto"]
[Black "Vallejo Diaz, Javier"]
[Result "1/2-1/2"]
[WhiteElo "2192"]
[BlackElo "2296"]
[PlyCount "58"]
[EventDate "2008.07.03"]

1. e4 d5 2. exd5 Qxd5 3. Nc3 Qa5 4. d4 c6 5. Nf3 Bg4 6. h3 Bxf3 7. Qxf3 e6 8.
Bd3 Nf6 9. O-O Be7 10. Ne4 Nxe4 11. Bxe4 Nd7 12. c3 O-O 13. Re1 Nf6 14. Bc2
Rfd8 15. Bf4 Qd5 16. Qxd5 cxd5 17. a4 Bd6 18. Bg5 Rdc8 19. Bxf6 gxf6 20. Bd3 f5
21. g3 Kg7 22. Kg2 Kf6 23. Kf3 h5 24. Rg1 Rg8 25. Rg2 Rg7 26. Rag1 Rag8 27. Be2
Kg5 28. Ke3 Kh6 29. f4 Rg6 1/2-1/2